Cenová stratégia podniku diplomová práca

Gespeichert in:
Bibliographische Detailangaben
1. Verfasser: Barlašová, Terézia
Körperschaft: Podnikovohospodárska fakulta EU so sídlom v Košiciach. Katedra manažmentu
Weitere Verfasser: Mihalčová, Bohuslava, 1963-
Format: Buch
Sprache:Slowakisch
Veröffentlicht: Košice 2018
Tags: Tag hinzufügen
Keine Tags, Fügen Sie das erste Tag hinzu!

MARC

LEADER 00000nbm a2200000 4500
001 0244083
005 20181019122712.8
041 0 |a slo 
044 |a SK 
245 1 0 |a Cenová stratégia podniku  |b diplomová práca  |c Terézia Barlašová ; školiteľ: Bohuslava Mihalčová 
264 1 |a Košice  |c 2018 
300 |a 69 s. 
100 1 |a Barlašová, Terézia 
700 1 |a Mihalčová, Bohuslava, 1963- 
710 2 |a Podnikovohospodárska fakulta EU so sídlom v Košiciach. Katedra manažmentu